|
|
|
|
| LEADER |
00000nam a22000004a 4500 |
| 001 |
AR-BbUGT5640 |
| 003 |
AR-BbUGT |
| 005 |
20210526110914.0 |
| 007 |
ta |
| 008 |
190614s1976 sp a||| |||| 00| 0 spa d |
| 020 |
|
|
|a 842520884X
|
| 040 |
|
|
|a AR-BbUGT
|c AR-BbUGT
|
| 082 |
0 |
4 |
|2 21
|a 927.20
|
| 100 |
1 |
|
|9 537
|a Fleig, Karl.
|
| 245 |
1 |
0 |
|a Alvar Aalto /
|c Karl Fleig.
|
| 260 |
|
|
|a Barcelona :
|b Gustavo Gili,
|c 1976.
|
| 300 |
|
|
|a 212 p. :
|b il. ;
|c 20 cm
|
| 505 |
2 |
|
|a Urbanismo -- Teatros y edificios culturales -- Exposiciones y museos -- Sanatorio --Equipamientos pedagógicos -- Bibliotecas -- Centros deportivos -- Despachos y edificios administrativos -- Fábricas -- Ayuntamientos -- Centros espirituales -- Chalet -- Ciudades residenciales y torres de vivienda -- Interiores
|
| 600 |
1 |
0 |
|9 538
|a Aalto, Alvar,
|d 1898-1976
|
| 653 |
|
|
|a Urbanismo
|
| 653 |
|
|
|a Arquitectura S.XX
|
| 653 |
|
|
|a Arquitectos
|
| 653 |
|
|
|a Bibliotecas
|
| 653 |
|
|
|a Centros espirituales
|
| 653 |
|
|
|a Teatros
|
| 653 |
|
|
|a Sanatorios
|
| 653 |
|
|
|a Edificios administrativos
|
| 653 |
|
|
|a Centros deportivos
|
| 653 |
|
|
|a Movimiento moderno
|
| 942 |
|
|
|2 ddc
|c BK
|e 21
|h 927.20
|i Aa112f
|m A
|6 927_200000000000000_AA112F
|
| 999 |
|
|
|c 15796
|d 15796
|